International management : (Record no. 2949)

000 -LEADER
fixed length control field 01320nam a2200337 a 4500
003 - CONTROL NUMBER IDENTIFIER
control field AKMAL
005 - DATE AND TIME OF LATEST TRANSACTION
control field 20170519081028.0
008 - FIXED-LENGTH DATA ELEMENTS--GENERAL INFORMATION
fixed length control field 170519t2006 ny a e 001 0deng d
020 ## - INTERNATIONAL STANDARD BOOK NUMBER
International Standard Book Number 007116958X (pbk.) :
Terms of availability RM79.30
040 ## - CATALOGING SOURCE
Original cataloging agency AKMAL
082 04 - DEWEY DECIMAL CLASSIFICATION NUMBER
Classification number 658.049 HOD
Edition number 22
090 00 - LOCALLY ASSIGNED LC-TYPE CALL NUMBER (OCLC); LOCAL CALL NUMBER (RLIN)
Classification number (OCLC) (R) ; Classification number, CALL (RLIN) (NR) 658.049
Local cutter number (OCLC) ; Book number/undivided call number, CALL (RLIN) HOD
100 1# - MAIN ENTRY--PERSONAL NAME
Personal name Hodgetts, Richard M.
9 (RLIN) 6164
245 10 - TITLE STATEMENT
Title International management :
Remainder of title culture, strategy and behavior /
Statement of responsibility, etc. Richard M. Hodgetts, Fred Luthans and Jonathan P. Doh
260 ## - PUBLICATION, DISTRIBUTION, ETC.
Place of publication, distribution, etc. New York :
Name of publisher, distributor, etc. McGraw-Hill,
Date of publication, distribution, etc. 2006
300 ## - PHYSICAL DESCRIPTION
Extent xxviii, 609p. :
Other physical details ill. ;
Dimensions 28cm.
504 ## - BIBLIOGRAPHY, ETC. NOTE
Bibliography, etc. note Includes bibliographical references and index
650 10 - SUBJECT ADDED ENTRY--TOPICAL TERM
Topical term or geographic name entry element International business enterprises
General subdivision Management
9 (RLIN) 6155
700 1# - ADDED ENTRY--PERSONAL NAME
Personal name Luthans, Fred
9 (RLIN) 6165
700 1# - ADDED ENTRY--PERSONAL NAME
Personal name Doh, Jonathan P.
9 (RLIN) 6166
942 ## - ADDED ENTRY ELEMENTS (KOHA)
Source of classification or shelving scheme
Koha item type Book
Holdings
Withdrawn status Lost status Source of classification or shelving scheme Damaged status Not for loan Collection code Home library Current library Shelving location Date acquired Inventory number Total Checkouts Full call number Barcode Date last seen Price effective from Koha item type
          NON-FICTION AKMAL Melaka AKMAL Melaka PINJAMAN 19.05.2017 000011   658.049 HOD 201703764 19.05.2017 19.05.2017 Book
          NON-FICTION AKMAL Melaka AKMAL Melaka PINJAMAN 19.05.2017 000012   658.049 HOD 201703763 19.05.2017 19.05.2017 Book
Pusat Sumber Maklumat Dato' Haji Sarmin Md Hussin, Akademi Kastam Diraja Malaysia, Melaka
Tel: 06-2331106 | Faks: 06-2313787